000
00219 a2200097 4500
001
48573
100
_a
Galbraith, J.K
245
_a
The affluent society
260
_a
Boston
_b
Houghton Mifflin
_c
090
_c
31503
_d
31503
942
_a
NUST-CAE
_c
M
_c
23896
999
_c
283646
_d
283646